000 00325nam a22001337a 4500
008 181203b xxu||||| |||| 00| 0 eng d
020 _a9780767400657
041 _aeng
080 _24th
_a316
100 _a50
101 _aSOC
245 _aIssues in An Introduction to Women's Studies Feminism
_cRuth,S
942 _2udc
_cBK
999 _c52725
_d52725